Trabajo y derecho

שמור ב:
מידע ביבליוגרפי
מחבר ראשי: Kahn-Freund, Otto (autor)
פורמט: ספר
שפה:ספרדית
יצא לאור: Madrid Ministerio del Trabajo y Previsión Social 1987
מהדורה:1a. ed
סדרה:Collección Estudios. Serie Relaciones Laborales
נושאים:
תגים: הוספת תג
אין תגיות, היה/י הראשונ/ה לתייג את הרשומה!

MARC

LEADER 00000cam a2200000 a 4500
001 UCE8399
003 CL-VaPUC
008 150731e19870000sp |||||||||||||||||spa|d
020 |a 8474344220 
082 0 4 |a 344.4101  |b KAH  |2 21 
100 |a Kahn-Freund, Otto  |e autor  |9 581119 
245 1 0 |a Trabajo y derecho 
250 |a 1a. ed 
300 |a 482 p 
942 |c BK 
945 |d 20150731 12:25:00  |a gsalatino 
260 |a Madrid  |b Ministerio del Trabajo y Previsión Social  |c 1987 
650 7 |a DERECHO LABORAL  |2 CL-VaPUC  |9 15 
650 0 |a Flexibilidad laboral  |9 490185 
650 0 |a Libertad sindical  |9 387480 
650 7 |a CONTRATOS COLECTIVOS  |2 CL-VaPUC  |9 388427 
583 |a last modification  |c 20170803 01:44:30  |k Rodrigo Vera 
490 0 |a Collección Estudios. Serie Relaciones Laborales 
999 |c 360269  |d 360267 
952 |0 0  |1 0  |3 erb  |4 0  |6 344_410100000000000_KAH_1987  |7 0  |8 A  |9 469976  |a BIBDER  |b BIBDER  |i 5191939  |l 1  |o 344.4101 KAH 1987  |p 5191939  |r 2023-01-25  |s 2020-03-18  |w 2019-11-23  |y BK  |z Catalogado en:20150731  |k DER 
952 |0 0  |1 0  |3 erb  |4 0  |6 344_410100000000000_KAH_1987  |7 0  |8 A  |9 469977  |a BIBDER  |b BIBDER  |i 5242940  |l 1  |o 344.4101 KAH 1987  |p 5242940  |r 2023-01-25  |s 2022-05-18  |w 2019-11-23  |y BK  |z Catalogado en:20151016  |k DER